000 00549nam a22001937a 4500
999 _c6077
_d6077
003 AR-CdUCM
008 190313b ||||| |||| 00| 0 spa d
040 _aMUNICIPALIDAD PROVINCIAL DEL CUSCO
_cBIBLIOTECA MUNICIPAL DEL CUSCO
082 _a869.56 /
_bM43
100 _aMercado, Guillermo
_9952
245 _aAntología poética /
260 _aArequipa :
_bHozega,
300 _a16 páginas ;
_c15 cm.
500 _aDonación familia Nieto
650 _aPoesías peruanas
_91481
650 _aSiglo XX
_98
942 _2ddc
_cLIBROS
945 _aafb